000 00609cam a22002173a 4500
001 44578
003 PGUSA
005 20140828084022.0
008 140104s2014||||xxu|||||s|||||000 | eng d
040 _aPGUSA
_beng
042 _adc
245 1 0 _aBentley's Miscellany, Volume I
_h[electronic resource] /
_cVarious
260 _bProject Gutenberg,
_c2014
506 _aPublic domain in the USA.
516 _aElectronic text
700 1 _aBentley, Richard
700 1 _aDickens, Charles,
_d1812-1870
830 0 _aProject Gutenberg
_v44578
856 4 0 _uhttp://www.gutenberg.org/ebooks/44578
942 _cEB
999 _c273829
_d273829